000
00403nam a2200145Ia 4500
008
100122s9999 xx 000 0 und d
082
_b
33667
_a
823
100
_a
भागवत यशवंत
245
_a
मध्यस्थ
260
_b
जनसेवा प्रकाशन
_c
1905
300
_a
203
630
_a
मध्यस्थ
730
_a
मध्यस्थ
942
_c
BOOK
999
_c
417650
_d
417647